Essai sur le mal

Guardat en:
Dades bibliogràfiques
Autor principal: Nabert, Jean (auteur)
Format: Llibre
Idioma:francès
Publicat: París Aubier Éditions Montaigne 1970
Edició:1a. ed
Col·lecció:Présence Et Pensèe
Matèries:
Etiquetes: Afegir etiqueta
Sense etiquetes, Sigues el primer a etiquetar aquest registre!

MARC

LEADER 00000cam a2200000 a 4500
001 UCE3200
003 CL-VaPUC
008 140821e19700000fr |||||||||||||||||fre|d
082 0 4 |a 179.8  |b NAB  |2 21 
100 |a Nabert, Jean  |e auteur  |9 575698 
245 1 0 |a Essai sur le mal 
250 |a 1a. ed 
300 |a 188 p 
942 |c BK 
945 |d 20140821 14:35:00  |a arojas 
260 |a París  |b Aubier Éditions Montaigne  |c 1970 
650 0 |a Conciencia  |9 309452 
650 0 |a Filosofía del espíritu  |9 320175 
650 0 |a Conceptos morales   |9 310606 
650 7 |a ETICA ADMINISTRATIVA  |2 CL-VaPUC  |9 430993 
650 0 |a Ética  |9 255099 
650 0 |a Virtud y vicio  |9 310637 
583 |a last modification  |c 20140821 14:35:00  |k Rodrigo Vera 
490 0 |a Présence Et Pensèe 
999 |c 356623  |d 356621 
952 |0 0  |1 0  |3 erb  |4 0  |6 179_800000000000000_NAB_1970  |7 0  |8 P  |9 464079  |a BIBEDU  |b BIBEDU  |c BIBEDU_PB  |i 5003075  |l 1  |o 179.8 NAB 1970  |p 5003075  |r 2024-01-25  |s 2023-10-05  |w 2019-11-23  |y BK  |z Catalogado en:20140821  |k FIL